000 00516nam a2200193Ia 4500
005 20250923144321.0
008 008 250917s9999 xx 000 0 eng d
037 _aTextual
040 _aDSWL
_beng
_cDSWL
041 _aeng
_2eng
084 _aS8, H8
_qDSWL
100 _aNewcomb
_9823603
245 0 _aReadings in social psychology
_cby Newcomb
260 _aNew York
_b Henry Holt
_c1948
300 _a685 p.
700 _a Hartley
_9823604
942 _cTEXL
_hS8, H8
999 _c1437378
_d1437378